Welcome to CU Library Online Public Access Catalogue (OPAC)

Computing essentials 2007 / (Record no. 739)

MARC details
000 -LEADER
fixed length control field 00931cam a22002654a 4500
001 - CONTROL NUMBER
control field 14146032
005 - DATE AND TIME OF LATEST TRANSACTION
control field 20241106172759.0
008 - FIXED-LENGTH DATA ELEMENTS--GENERAL INFORMATION
fixed length control field 051019s2007 maua 001 0 eng
020 ## - INTERNATIONAL STANDARD BOOK NUMBER
International Standard Book Number 9780073516677
020 ## - INTERNATIONAL STANDARD BOOK NUMBER
International Standard Book Number 9780073516677
050 00 - LIBRARY OF CONGRESS CALL NUMBER
Classification number QA76.5
Item number .O428 2007
082 00 - DEWEY DECIMAL CLASSIFICATION NUMBER
Classification number 004
Edition information 22
100 1# - MAIN ENTRY--PERSONAL NAME
Personal name O'Leary, Timothy J.,
Dates associated with a name 1947-
245 10 - TITLE STATEMENT
Title Computing essentials 2007 /
Statement of responsibility, etc. Timothy J. O'Leary, Linda I. O'Leary.
250 ## - EDITION STATEMENT
Edition statement Complete ed.
260 ## - PUBLICATION, DISTRIBUTION, ETC.
Place of publication, distribution, etc. Boston :
Name of publisher, distributor, etc. McGraw-Hill Irwin,
Date of publication, distribution, etc. c2007.
300 ## - PHYSICAL DESCRIPTION
Extent xxvi, 531 p. :
Other physical details col. ill. ;
Dimensions 28 cm.
500 ## - GENERAL NOTE
General note Includes indexes.
650 #0 - SUBJECT ADDED ENTRY--TOPICAL TERM
Topical term or geographic name entry element Computers.
650 #0 - SUBJECT ADDED ENTRY--TOPICAL TERM
Topical term or geographic name entry element Electronic data processing.
700 1# - ADDED ENTRY--PERSONAL NAME
Personal name O'Leary, Linda I.
856 41 - ELECTRONIC LOCATION AND ACCESS
Materials specified Table of contents
Uniform Resource Identifier <a href="http://www.loc.gov/catdir/enhancements/fy0625/2005055115-t.html">http://www.loc.gov/catdir/enhancements/fy0625/2005055115-t.html</a>
856 42 - ELECTRONIC LOCATION AND ACCESS
Materials specified Contributor biographical information
Uniform Resource Identifier <a href="http://www.loc.gov/catdir/enhancements/fy0737/2005055115-b.html">http://www.loc.gov/catdir/enhancements/fy0737/2005055115-b.html</a>
942 ## - ADDED ENTRY ELEMENTS (KOHA)
Source of classification or shelving scheme Library of Congress Classification
Koha item type Books
Edition complete Ed.
Suppress in OPAC No
999 ## -
-- 739
-- 739
Holdings
Withdrawn status Lost status Source of classification or shelving scheme Damaged status Not for loan Collection Home library Current library Shelving location Date acquired Total checkouts Full call number Barcode Date last seen Copy number Price effective from Koha item type
    Library of Congress Classification     Non-fiction Science Library (Miotso) Science Library (Miotso) General stacks 11/06/2024   QA76.5 .O428 O'LE SLM00000397 11/06/2024 1 11/06/2024 Books
    Library of Congress Classification     Non-fiction Science Library (Miotso) Science Library (Miotso) General stacks 11/06/2024   QA76.5 .O428 O'LE SLM00000398 11/06/2024 2 11/06/2024 Books
© 2023-2024 Copyright: Central University Libraries. All Rights Reserved | Created by: Mahone Tech Office